| 000 | 00000nam 2200000za 4500 |
| 001 | 9.575979 |
| 003 | CaOODSP |
| 005 | 20240527135426 |
| 007 | cr ||||||||||| |
| 008 | 150406t20132013quc|||| ob f00| 0 eng d |
| 020 | |a978-1-100-21848-9 |
| 040 | |aCaOODSP|beng |
| 043 | |an-cn--- |
| 086 | 1 |aCW69-5/525E-PDF |
| 245 | 00|aStatus of Quebec waterfowl populations, 2009 / |h[electronic resource]|cChristine Lepage and Daniel Bordage (editors). |
| 260 | |aQuebec : |bCanadian Wildlife Service, Environmental Stewardship Branch, Environment Canada, |c2013, c2013. |
| 300 | |axiii, 243p.|bfigs., references, tables |
| 490 | 1 |aCanadian Wildlife Service, technical report series ; |v525 |
| 504 | |aIncludes bibliographical references. |
| 590 | |a13-30|b2013-07-26 |
| 690 | 07|aAquatic birds|2gcpds |
| 710 | 2 |aCanadian Wildlife Service. |
| 775 | 08|tÉtat des populations de sauvagine du Québec, 2009 / |w(CaOODSP)9.605351 |
| 830 | #0|aTechnical report series (Canadian Wildlife Service)|v525|w(CaOODSP)9.504438 |
| 856 | 40|ahttp://publications.gc.ca|qPDF|s6.44 MB|uhttps://publications.gc.ca/collections/collection_2022/eccc/CW69-5-525-eng.pdf|zfull version |
| 856 | 40|ahttp://publications.gc.ca|qPDF|s3.07 MB|uhttps://publications.gc.ca/collections/collection_2013/ec/CW69-5-525A-eng.pdf|z1 of 2 |
| 856 | 40|ahttp://publications.gc.ca|qPDF|s3.56 MB|uhttps://publications.gc.ca/collections/collection_2013/ec/CW69-5-525B-eng.pdf|z2 of 2 |